• 首页
  • 本馆介绍
  • 公告通知
  • 最新文献
  • 馆藏检索
  • 电子资源
  • 读者导购
  • 参考咨询
  • 我的图书馆
  • 登录
  • 详细信息显示
  • 放入我的书架
  • 预约/预借图书
  • 作者相关作品
  • 分类相关作品
  • 丛书相关作品
  • 出版社相关作品

书目信息

  • 表格格式
  • 工作单格式
  • 卡片格式
题名:
古易筋经新注汇粹
    
 
作者: 钱惕明 编著
分册:  
出版信息: 北京   人民体育出版社  2009
页数: 321页
开本: 20cm
丛书名:
单 册:
中图分类: G852.6
科图分类:
主题词: 易筋经(古代体育)--图解 , 易筋经(古代体育)
电子资源:
ISBN: 978-7-5009-3593-3
000 00894nam0 2200241 45
001 1130672265
005 20110310095522.45
010    @a978-7-5009-3593-3@dCNY25.00
100    @a20110123e2009 em y0chiy50 ea
101 0  @achi
102    @aCN@b110000
105    @aa z 000yy
106    @ar
200 1  @a古易筋经新注汇粹@AGu Yi Jin Jing Xin Zhu Hui Cui@f钱惕明编著@FQian Ti Ming Bian Zhu
210    @a北京@c人民体育出版社@d2009
215    @a321页@a图@d20cm
330    @a全书分为源流篇、功理篇、功法篇、附录篇四个部分。介绍了中国传统易筋经的功法套路,并精选了站式、马步、坐身、定身等五套易筋经功法,采取了“原图原文加注释编纂”的体例,让读者看到了功法的原汁、原味和原貌。
606 0  @a易筋经(古代体育)@j图解
606 0  @a易筋经(古代体育)
690    @aG852.6@v4
701  0 @a钱惕明@AQian Ti Ming@f(1929~)@4编著
801  0 @aCN@bTANGWEI@c20110310
905    @b0531083-86@dG852.6@e232@f4
    
    古易筋经新注汇粹/钱惕明编著.-北京:人民体育出版社,2009
    321页;图;20cm
    
    
    ISBN 978-7-5009-3593-3:CNY25.00
    全书分为源流篇、功理篇、功法篇、附录篇四个部分。介绍了中国传统易筋经的功法套路,并精选了站式、马步、坐身、定身等五套易筋经功法,采取了“原图原文加注释编纂”的体例,让读者看到了功法的原汁、原味和原貌。
●
相关链接 在E读中查询图书 在五车中查询图书 在当当中查询图书 在豆瓣中查询图书


正题名:古易筋经新注汇粹     索取号:G852.6/232         预约/预借

序号 登录号 条形码 馆藏地/架位号 状态 备注
1 0531083   205310830   第一样本阅览室/ [索取号:G852.6/232] 在馆    
2 0531084   205310849   密集书库-体育系/ [索取号:G852.6/232] 在馆    
3 0531085   205310858   第四借阅区/ [索取号:G852.6/232] 在馆    
4 0531086   205310867   第四借阅区/ [索取号:G852.6/232] 在馆    
唐山师范学院图书馆 欢迎您!
大连网信软件有限公司© 版权所有